000 00798nam a2200193Ia 4500
008 151119s9999||||xx |||||||||||||| ||und||
082 _a923.654
082 _bGKKV27725
100 _aमीरचंदानी निशा
245 _aअमरगीत बाबा आमटे यांचं जीवनचरित्र
260 _aपुणे
260 _bमेहता पब्लीशिग हाउस
260 _c2008
600 _aमीरचंदानी निशा
630 _aअमरगीत बाबा आमटे यांचं जीवनचरित्र
700 _aमीरचंदानी निशा
730 _aअमरगीत बाबा आमटे यांचं जीवनचरित्र
942 _cBOOK
999 _c1080151
_d1080148